| 000 | 00413nam a22001577a 4500 | ||
|---|---|---|---|
| 003 | OSt | ||
| 005 | 20211112114022.0 | ||
| 008 | 211112b |||||||| |||| 00| 0 eng d | ||
| 040 | _cHawassa University | ||
| 050 |
_a641.3/BRA _b1 |
||
| 082 |
_a641.3/BRA _b1 |
||
| 100 |
_aBradley,Alice V. _918110 |
||
| 245 | _aTables of Food Values | ||
| 260 |
_aAmerica _bCHAS.A. Bennett Company Inc _c1956 |
||
| 942 |
_2ddc _cBOOKS _n0 |
||
| 999 |
_c17951 _d17951 |
||